000 00584nam a22002297a 4500
003 UA-OsUOA
001 46875
007 ta
008 20070706b un ||||| |||| 00| 0 ukr d
100 _aБондарчук С.
090 _a7.071.2
_bБ81
942 _cBK
040 _aUA-OsUOA
_brus
_cUA-OsUOA
_dUA-OsUOA
245 _aЖелание чуда
300 _a222 с.
955 _a4
041 _arus
080 _a7.071.2
260 _aМ.
_bМолодая гвардия
_c1984
650 7 _a7.0 Загальні питання мистецтва
_2UDC
999 _c332974
_d332974